Development management scheme (Record no. 81675)
[ view plain ]
| 000 -LEADER | |
|---|---|
| fixed length control field | 01196cab a22002175a 4500 |
| 001 - CONTROL NUMBER | |
| control field | E147901 |
| 008 - FIXED-LENGTH DATA ELEMENTS--GENERAL INFORMATION | |
| fixed length control field | 090630e20090616xxk 000 0 eng d |
| 035 ## - SYSTEM CONTROL NUMBER | |
| System control number | (Sirsi) u147901 |
| 041 0# - LANGUAGE CODE | |
| Language code of text/sound track or separate title | eng |
| 100 1# - MAIN ENTRY--PERSONAL NAME | |
| Personal name | Quinn, Mark |
| 245 00 - TITLE STATEMENT | |
| Title | Development management scheme |
| Remainder of title | a new tool for developers in Scotland |
| Medium | [electronic resource] |
| 260 ## - PUBLICATION, DISTRIBUTION, ETC. | |
| Date of publication, distribution, etc. | 2009 |
| 490 ## - SERIES STATEMENT | |
| Series statement | RICS Feature |
| Volume/sequential designation | 16 June 2009 |
| 520 ## - SUMMARY, ETC. | |
| Summary, etc. | Looks at Development Management Schemes (DMSs), which are a way for owners in a development to come together to manage their properties. Previously, this had been done by forming an owners' association in the form of a club or trust, however the Title Conditions (Scotland) Act 2003 (Development Management Scheme) Order 2009, which came into force on 1 June 2009, allows DMSs to be formed through the registering of a Deed of Application in the Property Register. |
| 590 ## - LOCAL NOTE (RLIN) | |
| Local note | KA |
| 650 24 - SUBJECT ADDED ENTRY--TOPICAL TERM | |
| Topical term or geographic name entry element | TITLE CONDITIONS (SCOTLAND) ACT 2003 (DEVELOPMENT MANAGEMENT SCHEME) ORDER 2009 |
| 651 #4 - SUBJECT ADDED ENTRY--GEOGRAPHIC NAME | |
| Geographic name | Scotland |
| Chronological subdivision | 1999- |
| 690 ## - LOCAL SUBJECT ADDED ENTRY--TOPICAL TERM (OCLC, RLIN) | |
| Topical term or geographic name as entry element | Block management |
| 9 (RLIN) | 6220 |
| 856 40 - ELECTRONIC LOCATION AND ACCESS | |
| Uniform Resource Identifier | <a href="https://www.rics.org/site/scripts/news_article.aspx?newsID=668">https://www.rics.org/site/scripts/news_article.aspx?newsID=668</a> |
| Public note | View the article free of charge at www.rics.org... |
| 942 ## - ADDED ENTRY ELEMENTS (KOHA) | |
| Suppress in OPAC | 0 |
| Withdrawn status | Lost status | Source of classification or shelving scheme | Damaged status | Not for loan | Home library | Current library | Shelving location | Date acquired | Total Checkouts | Full call number | Barcode | Date last seen | Copy number | Price effective from | Koha item type |
|---|---|---|---|---|---|---|---|---|---|---|---|---|---|---|---|
| Dewey Decimal Classification | Virtual | Virtual | Online | 30/06/2009 | ONLINE PUBLICATION | 147901-2001 | 06/08/2019 | 1 | 06/08/2019 | Journal article |